Cine, forma y método

Збережено в:
Бібліографічні деталі
Автор: Pecori, Franco (Автор)
Формат: Книга
Мова:Іспанська
Опубліковано: Barcelona Gustavo Gili 1977
Серія:Colección Punto y Línea
Предмети:
Теги: Додати тег
Немає тегів, Будьте першим, хто поставить тег для цього запису!

MARC

LEADER 00000nam a2200000 a 4500
001 UCO4941
003 CL-VaPUC
008 000825e19770000SP |||||||||||||||||spa|d
082 0 4 |a 791.43  |b PEC  |2 21 
100 0 |a Pecori, Franco  |e author  |9 449638 
245 1 0 |a Cine, forma y método 
300 |a 134 p 
942 |c BK 
945 |d 20000825 00:00:00  |a crobeson 
260 |a Barcelona  |b Gustavo Gili  |c 1977 
650 0 |a Cine  |9 225706 
650 0 |a Artes escénicas  |9 318853 
650 0 |a Medios de comunicación de masas  |9 257273 
650 0 |a Cinematografía  |9 265198 
583 |a last modification  |c 20000825 00:00:00  |k Rodrigo Vera 
490 0 |a Colección Punto y Línea 
999 |c 290900  |d 290898 
952 |0 0  |1 0  |4 0  |6 791_430000000000000_PEC_1977  |7 0  |8 R  |9 340514  |a BIBART  |b BIBART  |d 2019-11-20  |i 1217119  |o 791.43 PEC 1977  |p 1217119  |r 2025-03-13  |w 2019-11-20  |y BK_R  |k ART